00814nam a22002537a 45000010005000000030006000050050017000110080041000280200018000690400029000870500015001160820010001311000018001412450036001592600044001953000050002394900032002895050008003215200102003295210029004315210020004606500037004807000043005178221FISKH20250903104402.0250903b cb ||||| |||| 00| 0 eng d a9780516272979 aFISKHbengcFISKHdFISKH a G863 .F68 a919.8 aFowler, Allan aAntarctica / cBy Allan Fowler  aNew York : bChildren's Press , c2001. a31 pages : bcolor illustrations ; c18 cm .  aRookie Read-About Geography aJ  aAn introduction to the continent of Antarctica, its geographical features, visitors, and animals.8 a510 bLexile estimate 8 aJ bRaz-Plus  aAntarcticavJuvenile Literature  aAnderson, Caroline ePhoto Researcher